Central Library OPAC University of Rajshahi

Turkish nationalism and Western civilization : (Record no. 28156)

MARC details
000 -LEADER
fixed length control field 00812nam a22002412a 4500
001 - CONTROL NUMBER
control field 28156
003 - CONTROL NUMBER IDENTIFIER
rucl marc code BD-RjUL
005 - DATE AND TIME OF LATEST TRANSACTION
control field 20211209051238.0
008 - FIXED-LENGTH DATA ELEMENTS--GENERAL INFORMATION
fixed length control field 140329s1959 enk b 001 0 eng d
035 ## - SYSTEM CONTROL NUMBER
System control number (BD-RjUL)28237
040 ## - CATALOGING SOURCE
Original cataloging agency KEN
Modifying agency OCL
-- BD-RjUL
Language of cataloging eng
Transcribing agency BD-RjUL
041 ## - LANGUAGE CODE
Language code of text/sound track or separate title eng
082 ## - DEWEY DECIMAL CLASSIFICATION NUMBER
Classification number 956.1
Author mark and year GOT 1959
100 1# - MAIN ENTRY--PERSONAL NAME
Personal name Gokalp, Ziya,
Dates associated with a name 1876-1924.
9 (RLIN) 86268
245 10 - TITLE STATEMENT
Title Turkish nationalism and Western civilization :
Remainder of title selected essays /
Statement of responsibility, etc. Translated and edited with an introd. by Niyazi Berkes
260 ## - PUBLICATION, DISTRIBUTION, ETC. (IMPRINT)
Place of publication, distribution, etc. London :
Name of publisher, distributor, etc. Allen and Unwin,
Date of publication, distribution, etc. 1959.
300 ## - PHYSICAL DESCRIPTION
Pagination [4] 336 p. ;
Size 23 cm
504 ## - BIBLIOGRAPHY, ETC. NOTE
Bibliography, etc Includes Bibliographical references and index.
650 #0 - SUBJECT ADDED ENTRY--TOPICAL TERM
Topical term or geographic name as entry element Nationalism
Geographic subdivision Turkey
9 (RLIN) 86269
651 #0 - SUBJECT ADDED ENTRY--GEOGRAPHIC NAME
Geographic name Turkey
General subdivision Civilization
-- Western influences
9 (RLIN) 86270
700 ## - ADDED ENTRY--PERSONAL NAME
Personal name Niyazi Berkes
942 ## - ADDED ENTRY ELEMENTS (KOHA)
Source of classification or shelving scheme Dewey Decimal Classification
Koha item type Books
Holdings
Lost status Source of classification or shelving scheme Damaged status Not for loan Collection code Permanent Location Current Location Shelving location Date acquired Source of acquisition Cost, normal purchase price Total Checkouts Full call number Date last seen Copy number Koha item type
  Dewey Decimal Classification     Non-fiction Central Library, University of Rajshahi Central Library, University of Rajshahi   28/10/1970 Sweets & Zeitlinger 35.00   956.1 GOT 1959 29/03/2014 C-5 Books
  Dewey Decimal Classification     Non-fiction Central Library, University of Rajshahi Central Library, University of Rajshahi   27/08/1969 Zitlinger 35.00   956.1 GOT 1959 09/04/2014 C-3 Books
  Dewey Decimal Classification     Non-fiction Central Library, University of Rajshahi Central Library, University of Rajshahi   27/08/1969 Zitlinger 35.00   956.1 GOT 1959 09/04/2014 C-4 Books
  Dewey Decimal Classification     Non-fiction Central Library, University of Rajshahi Central Library, University of Rajshahi   17/07/1964 Zeitlinger 40.00   956.1 GOT 1959 29/11/2016 C-2 Books